| 000 | 00349nam a22001337a 4500 | ||
|---|---|---|---|
| 020 | _qPB. | ||
| 040 | _cFIZZA ISHAQ | ||
| 082 |
_a591.18 _bKAT |
||
| 100 |
_a Katz , Bernard. _9133990 |
||
| 245 |
_a Nerve, Muscle and Synapse / _c Bernard Katz. |
||
| 260 |
_aNew York: _bMcGraw Hill , _c1966. |
||
| 300 |
_a193 P. ; _c8 x 5.4 inches |
||
| 942 |
_2ddc _cBK |
||
| 999 |
_c616907 _d616907 |
||